00529 a2200157 4500020002200000035001300022037004300035082000600078100002600084245005900110260004000169270008800209300002300297490002600320500002500346 c75.00a8186734627 aB-211062 bRP-PV-4 / PANSY-07-08:5 / RP-07-08:ENG14aN1 aGardner, Erle Stanley1 aThe case of the Rolling Bonescby Erle Stanley Gardner aBangalorebMaster Mind Booksc2005r aNo. 25, Vasan Towers, Dr. TCM Royan Raode560053k080-26705679mvasanbks@bgl.net.in a200 pc18 cm (pbk) aA perry mason mystery aThis is reprint 2005